| 000 | 00691nam a2200241Ia 4500 | ||
|---|---|---|---|
| 008 | 160303s9999 xx 000 0 und d | ||
| 020 | _a971-039-129-5 | ||
| 050 | _aFIL BF 38 | ||
| 050 | _b.A68 2007 c.2 | ||
| 100 | _aAquino, Miriam Grace B. | ||
| 245 | _aModule in general psychology : | ||
| 245 | _bwhy do people behave the way they do? / | ||
| 245 | _cMiriam Grace B. Aquino, Cipriano R. Magnaye, Jr. | ||
| 250 | _a2nd Edition | ||
| 260 | _aMandaluyong: | ||
| 260 | _bNational Book Store, | ||
| 260 | _c2007 | ||
| 300 | _a178 pages : | ||
| 300 | _billustrations ; | ||
| 300 | _c22 cm. | ||
| 650 | _aPsychology -- | ||
| 650 | _x Study and teaching -- Aids and devices. | ||
| 999 |
_c291116 _d291116 |
||